000 00617nam a2200241 a 4500
001 0001-0954
003 ELIB.Books
008 140910 2010 eng
020 _a0939025027
035 _a(ELIB.Books)0001-1108
092 _a268.434
_bCog
100 _aCogan, William J.
245 _aA Catechism for Adults
260 _aChicago
_bCOGAN Productions
_c2000
300 _a145
_c20.3 Cm
500 _aDr. Yahalaylayla
650 _aAdults
856 _nKBTS; Library
_uKBTS; Elib.
942 _2ddc
_cBK
990 _a1
998 _cbat
_e2014-09-10
_mcat
_u2020-06-08
999 _c10954
_d10954